[Event "Cracovia 2010"]
[Site "Krakow"]
[Date "2010.12.29"]
[Round "3.28"]
[White "Krasiewicz, Robert"]
[Black "Bukojemski, Adam"]
[Result "1-0"]
[WhiteElo "2055"]
[BlackElo "2240"]
[PlyCount "125"]
[EventDate "2010.??.??"]

1. d4 Nf6 2. c4 e6 3. Nf3 b6 4. g3 Bb7 5. Bg2 c5 6. O-O cxd4 7. Nxd4 Bxg2 8.
Kxg2 Nc6 9. Nc3 Rc8 10. Ndb5 a6 11. Nd6+ Bxd6 12. Qxd6 Qe7 13. Bf4 Qxd6 14.
Bxd6 Na5 15. b3 Nb7 16. Be5 Rc6 17. Rfd1 Ke7 18. Bxf6+ gxf6 19. Rd3 Rhc8 20.
Ne4 f5 21. Ng5 f6 22. Nf3 b5 23. cxb5 axb5 24. Rad1 d5 25. Nd4 Ra6 26. Nxb5
Rxa2 27. R3d2 Rcc2 28. Rxc2 Rxc2 29. Ra1 Rc6 30. Nd4 Rb6 31. Ra8 Nd8 32. Ra7+
Rb7 33. Ra6 Kf7 34. e3 e5 35. Nxf5 Rxb3 36. Ra7+ Ke6 37. g4 Nb7 38. Ra8 Nc5 39.
Re8+ Kf7 40. Re7+ Kg8 41. Rg7+ Kf8 42. Rxh7 Ne4 43. Rd7 Rb2 44. Rxd5 Rxf2+ 45.
Kg1 Rb2 46. h4 Nd2 47. Kf2 Ne4+ 48. Kf3 Nd2+ 49. Ke2 Ne4+ 50. Kd3 Rb4 51. h5
Nf2+ 52. Kc3 Rxg4 53. Rd8+ Kf7 54. Nh6+ Kg7 55. Nxg4 Nxg4 56. Kd3 f5 57. Rd6
Kh7 58. Ke2 Kg7 59. Kf3 Nh2+ 60. Kg3 Nf1+ 61. Kf2 Nh2 62. Kg2 Ng4 63. Rg6+ 1-0

[Event "Cracovia 2010"]
[Site "Krakow"]
[Date "2010.12.29"]
[Round "3.29"]
[White "Gawronski, Lukasz"]
[Black "Kulon, Klaudia"]
[Result "1/2-1/2"]
[WhiteElo "2043"]
[BlackElo "2208"]
[PlyCount "124"]
[EventDate "2010.??.??"]

1. d4 d5 2. c4 e6 3. cxd5 exd5 4. Nc3 c6 5. Nf3 Nf6 6. Bg5 Be7 7. e3 O-O 8. Qc2
Nbd7 9. Bd3 Re8 10. O-O Nf8 11. Ne5 N6d7 12. Bxe7 Qxe7 13. Nf3 Nf6 14. Rfe1 Ne4
15. Nd2 Nxd2 16. Qxd2 Qg5 17. Rad1 Bg4 18. Be2 Bd7 19. Bd3 Rad8 20. f3 Qf6 21.
b4 Ng6 22. b5 Nh4 23. bxc6 bxc6 24. Kh1 Bc8 25. Na4 Rd6 26. Qf2 Bg4 27. Rd2 Bf5
28. Bxf5 Nxf5 29. Nc5 Qe7 30. e4 Rh6 31. e5 Qg5 32. g4 Nh4 33. Rd3 Rb8 34. e6
fxe6 35. Nxe6 Qe7 36. Nf4 Qf6 37. Nh5 Qd8 38. Qe2 Qf8 39. Rf1 Kh8 40. f4 Rd6
41. f5 Re8 42. Re3 Rdd8 43. Re1 Rxe3 44. Qxe3 Rb8 45. Qg3 Qd8 46. Qe5 Qf8 47.
f6 gxf6 48. Nxf6 Ng6 49. Qc7 Qxf6 50. Qxb8+ Kg7 51. Qc7+ Kh6 52. Qg3 Qxd4 53.
Qh3+ Kg7 54. Qe3 Qxg4 55. Qxa7+ Kh6 56. Qe3+ Kg7 57. Rb1 Qf5 58. Rb7+ Kg8 59.
a4 Qf1+ 60. Qg1 Qf3+ 61. Qg2 Qd1+ 62. Qg1 Qf3+ 1/2-1/2

[Event "Cracovia 2010"]
[Site "Krakow"]
[Date "2010.12.29"]
[Round "3.30"]
[White "Macka, Oto"]
[Black "Lach, Aleksandra"]
[Result "0-1"]
[WhiteElo "2025"]
[BlackElo "2206"]
[PlyCount "68"]
[EventDate "2010.??.??"]

1. e4 c5 2. Nf3 d6 3. d4 cxd4 4. Nxd4 Nf6 5. Nc3 a6 6. Be2 e5 7. Nb3 Be7 8. O-O
O-O 9. Kh1 b5 10. a4 b4 11. Nd5 Bb7 12. f3 a5 13. Be3 Nxd5 14. exd5 f5 15. c3
bxc3 16. bxc3 Nd7 17. Bb5 f4 18. Bg1 Nf6 19. c4 Nh5 20. Bf2 Rf6 21. Bc6 Qc7 22.
Bxb7 Qxb7 23. Nd2 Rh6 24. Rb1 Qc8 25. Qb3 Ng3+ 26. Bxg3 fxg3 27. Ne4 Rxh2+ 28.
Kg1 Rh6 29. Nxg3 Qc5+ 30. Rf2 Bh4 31. Ne4 Bxf2+ 32. Nxf2 Rf8 33. Kf1 Rf4 34.
Qd3 Rd4 0-1

[Event "Cracovia 2010"]
[Site "Krakow"]
[Date "2010.12.29"]
[Round "3.31"]
[White "Gbyl, Andrzej"]
[Black "Siwiec, Arkadiusz"]
[Result "1/2-1/2"]
[WhiteElo "2286"]
[BlackElo "2105"]
[PlyCount "51"]
[EventDate "2010.??.??"]

1. d4 d5 2. c4 e6 3. Nc3 Nf6 4. Bg5 Be7 5. e3 h6 6. Bh4 O-O 7. Nf3 Nbd7 8. cxd5
exd5 9. Bd3 b6 10. O-O Bb7 11. Rc1 Ne4 12. Bg3 c5 13. Bb1 Ndf6 14. Nd2 Nxg3 15.
hxg3 cxd4 16. exd4 Bd6 17. Re1 Re8 18. Nf1 Rxe1 19. Qxe1 Rc8 20. Ne3 g6 21. Qd1
Bb4 22. Qb3 Bxc3 23. Rxc3 Rxc3 24. Qxc3 Qc8 25. Qxc8+ Bxc8 26. Bd3 1/2-1/2

[Event "Cracovia 2010"]
[Site "Krakow"]
[Date "2010.12.29"]
[Round "3.32"]
[White "Wandzik, Wojciech"]
[Black "Wiewiora, Eneasz"]
[Result "1/2-1/2"]
[WhiteElo "2241"]
[BlackElo "2118"]
[PlyCount "62"]
[EventDate "2010.??.??"]

1. e4 e6 2. d4 d5 3. exd5 exd5 4. Nf3 Bd6 5. Bd3 Nf6 6. O-O O-O 7. Bg5 Bg4 8.
Nbd2 c6 9. c3 Nbd7 10. Re1 Qc7 11. Qc2 Rae8 12. Bh4 Rxe1+ 13. Rxe1 h6 14. Bg3
Bxg3 15. hxg3 Re8 16. Rxe8+ Nxe8 17. Bf5 Bxf5 18. Qxf5 Qd6 19. Qf4 Qxf4 20.
gxf4 f6 21. Kf1 Nd6 22. Ke2 Kf7 23. Nf1 Ke6 24. Ne3 Nb6 25. b3 g5 26. fxg5 hxg5
27. g4 Nbc8 28. Nd2 Ne7 29. Ng2 Ng6 30. Ke3 b6 31. f4 Ne8 1/2-1/2

[Event "Cracovia 2010"]
[Site "Krakow"]
[Date "2010.12.29"]
[Round "3.33"]
[White "Jacko, Vladimir"]
[Black "Wcislo, Damian"]
[Result "0-1"]
[WhiteElo "2068"]
[BlackElo "2219"]
[PlyCount "66"]
[EventDate "2010.??.??"]

1. c4 e5 2. e4 Nc6 3. d3 Bc5 4. g3 d6 5. Bg2 f5 6. a3 a5 7. Be3 Nf6 8. Nc3 O-O
9. h3 Bxe3 10. fxe3 fxe4 11. dxe4 Be6 12. Qe2 Nd7 13. Nf3 Nc5 14. O-O a4 15.
Rad1 Na5 16. Nd2 Rxf1+ 17. Rxf1 c6 18. Kh2 Qb6 19. Nxa4 Nxa4 20. b4 Nxc4 21.
Nxc4 Qb5 22. Rc1 d5 23. exd5 cxd5 24. Qd2 dxc4 25. Qd6 Re8 26. Qc7 c3 27. Bxb7
Bd5 28. Bxd5+ Qxd5 29. Rc2 Qd3 30. Rf2 Qd8 31. Qa7 Qa8 32. Qd7 Nb6 33. Qc7 Nd5
0-1

[Event "Cracovia 2010"]
[Site "Krakow"]
[Date "2010.12.29"]
[Round "3.34"]
[White "Swiech, Przemyslaw"]
[Black "Polok, Kacper"]
[Result "1/2-1/2"]
[WhiteElo "2207"]
[BlackElo "2089"]
[PlyCount "82"]
[EventDate "2010.??.??"]

1. d4 e6 2. c4 f5 3. Nf3 Nf6 4. a3 c6 5. Nc3 d5 6. Bg5 Bd6 7. e3 O-O 8. Bd3 Qe8
9. Bxf6 Rxf6 10. c5 Bc7 11. Ne5 b6 12. cxb6 axb6 13. f4 Ba6 14. Bxa6 Nxa6 15.
b4 Bxe5 16. fxe5 Rf7 17. O-O Rfa7 18. Qb1 Nc7 19. a4 Qe7 20. Ra2 Na6 21. b5 Nb4
22. Rb2 c5 23. Kh1 Rc8 24. dxc5 Rxc5 25. Ne2 Rc4 26. Nd4 Rxa4 27. g4 g6 28. Rg2
Kh8 29. gxf5 exf5 30. e6 Ra3 31. Nxf5 Qxe6 32. Qb2+ Rac3 33. Nd4 Qxe3 34. Ne2
d4 35. Nxc3 dxc3 36. Qa3 Qe7 37. Qc1 Kg7 38. Re1 Qf6 39. Rf1 Qe7 40. Re1 Qf6
41. Rf1 Qe7 1/2-1/2

[Event "Cracovia 2010"]
[Site "Krakow"]
[Date "2010.12.29"]
[Round "3.35"]
[White "Obrusnik, Michal"]
[Black "Jablonska, Sabina"]
[Result "1-0"]
[WhiteElo "2204"]
[BlackElo "1903"]
[PlyCount "51"]
[EventDate "2010.??.??"]

1. e4 c5 2. Nf3 d6 3. d4 cxd4 4. Nxd4 Nf6 5. Nc3 a6 6. Bg5 e6 7. f4 Nbd7 8. Qf3
Qc7 9. O-O-O b5 10. Bd3 Bb7 11. Rhe1 Be7 12. Qg3 O-O-O 13. Bxb5 axb5 14. Ndxb5
Qb6 15. e5 dxe5 16. fxe5 Bc5 17. exf6 Bf2 18. Qf4 gxf6 19. Re2 fxg5 20. Qxf2
Qxf2 21. Rxf2 Rhf8 22. Rxf7 Rxf7 23. Nd6+ Kc7 24. Nxf7 Rg8 25. Nb5+ Kc6 26.
Nd4+ 1-0

[Event "Cracovia 2010"]
[Site "Krakow"]
[Date "2010.12.29"]
[Round "3.36"]
[White "Zadlo, Tomasz"]
[Black "Jakubiec, Edyta"]
[Result "0-1"]
[WhiteElo "2081"]
[BlackElo "2189"]
[PlyCount "84"]
[EventDate "2010.??.??"]

1. e4 c5 2. c3 d5 3. exd5 Qxd5 4. d4 Nf6 5. Nf3 e6 6. Be3 cxd4 7. cxd4 Be7 8.
Nc3 Qd8 9. Bd3 O-O 10. O-O Nc6 11. a3 b6 12. Qe2 Bb7 13. Rad1 Rc8 14. Bg5 Nd5
15. Qe4 g6 16. Qh4 f6 17. Bd2 Na5 18. Ne4 Nc4 19. Bc1 Rf7 20. Qh3 Qd7 21. Bxc4
Rxc4 22. Neg5 Rxc1 23. Nxf7 Rxd1 24. Nh6+ Kg7 25. Rxd1 Nf4 26. Qg4 g5 27. Re1
f5 28. Qg3 Kxh6 29. h4 Bxf3 30. Qxf3 Kg6 31. hxg5 Bxg5 32. g3 Nd5 33. Qe2 Nc7
34. Qc4 Kf7 35. Qe2 Kg7 36. g4 f4 37. Qe5+ Kh6 38. Qh8 Qg7 39. Qc8 Bf6 40. f3
Bxd4+ 41. Kg2 Bc5 42. Re2 Qd4 0-1

[Event "Cracovia 2010"]
[Site "Krakow"]
[Date "2010.12.29"]
[Round "3.37"]
[White "Mucha, Magdalena"]
[Black "Kumor, Lukasz"]
[Result "1/2-1/2"]
[WhiteElo "1846"]
[BlackElo "2178"]
[PlyCount "127"]
[EventDate "2010.??.??"]

1. d4 d5 2. Nf3 Nf6 3. c4 c6 4. e3 e6 5. Nbd2 Be7 6. Bd3 O-O 7. O-O c5 8. b3
cxd4 9. exd4 Nc6 10. Bb2 b6 11. Ne5 Nb4 12. Be2 Bb7 13. a3 Nc6 14. Rc1 Rc8 15.
Ndf3 Na5 16. c5 bxc5 17. dxc5 Nc6 18. b4 Nxe5 19. Nxe5 Nd7 20. f4 Nxe5 21. fxe5
Bg5 22. Rc3 d4 23. Rg3 Be3+ 24. Kh1 Be4 25. Bc1 Bxc1 26. Qxc1 Qd5 27. Qf4 Kh8
28. Bd3 f5 29. Re1 Rcd8 30. h3 Bxd3 31. Rxd3 Rd7 32. Qf3 Qc4 33. Red1 Rd5 34.
Qf4 Rfd8 35. g4 fxg4 36. hxg4 R5d7 37. g5 Kg8 38. Rf3 Qd5 39. Kh2 d3 40. Rdf1
g6 41. Rd1 d2 42. Rf2 a6 43. c6 Qxc6 44. Rfxd2 Rxd2+ 45. Rxd2 Rf8 46. Qe3 Qc4
47. Rd4 Qf1 48. Rd2 Qf5 49. Kg3 Qf1 50. Kh2 Qc1 51. Re2 Qc4 52. Qe4 Qb3 53. Qe3
Qd1 54. Rd2 Qh5+ 55. Kg2 Qg4+ 56. Kh2 Qh4+ 57. Kg2 Qc4 58. Kh2 Qg4 59. Rd4 Qh5+
60. Kg2 Rc8 61. Rd2 Qg4+ 62. Kh2 Qh4+ 63. Kg2 Rf8 64. Rd4 1/2-1/2

[Event "Cracovia 2010"]
[Site "Krakow"]
[Date "2010.12.29"]
[Round "3.38"]
[White "Malec, Sebastian"]
[Black "Motyl, Tomasz"]
[Result "1-0"]
[WhiteElo "2210"]
[BlackElo "2035"]
[PlyCount "29"]
[EventDate "2010.??.??"]

1. e4 g6 2. d4 d6 3. Nc3 a6 4. g4 e5 5. d5 Be7 6. Be2 Nd7 7. Nf3 Nf8 8. Rg1 f5
9. gxf5 gxf5 10. Ng5 Ng6 11. Bh5 Bxg5 12. Bxg5 Nf6 13. exf5 Bxf5 14. Qf3 O-O
15. Qxf5 1-0

[Event "Cracovia 2010"]
[Site "Krakow"]
[Date "2010.12.29"]
[Round "3.39"]
[White "Szuper, Paul"]
[Black "Wisniowska, Klaudia"]
[Result "1-0"]
[WhiteElo "2174"]
[BlackElo "2011"]
[PlyCount "61"]
[EventDate "2010.??.??"]

1. d4 d5 2. c4 e6 3. Nc3 c5 4. e3 Nf6 5. Nf3 Nc6 6. a3 Be7 7. dxc5 Bxc5 8. b4
Be7 9. Bb2 O-O 10. Qc2 dxc4 11. Bxc4 a6 12. Rd1 Qc7 13. Bd3 Nb8 14. O-O Nbd7
15. Rc1 Qb8 16. Rfd1 b5 17. Ne4 Nd5 18. Nc5 N7f6 19. Be5 Qa7 20. e4 Nb6 21. Bd4
Ne8 22. e5 g6 23. Qd2 Kg7 24. Ne4 Qb8 25. Nd6 Bd7 26. Be4 Nc4 27. Nxc4 bxc4 28.
Bxa8 Qxa8 29. Bc5 Bxc5 30. Qxd7 Bb6 31. Rxc4 1-0

[Event "Cracovia 2010"]
[Site "Krakow"]
[Date "2010.12.29"]
[Round "3.40"]
[White "Pirverdiyev, Aqil Kamran Oglu"]
[Black "Lohou, Stephane"]
[Result "1-0"]
[WhiteElo "2116"]
[BlackElo "2165"]
[PlyCount "67"]
[EventDate "2010.??.??"]

1. e4 c5 2. Nf3 e6 3. d4 cxd4 4. Nxd4 a6 5. Bd3 Bc5 6. Nb3 Ba7 7. O-O d6 8. Nc3
Nf6 9. Bg5 Nc6 10. Be2 b5 11. Bxf6 gxf6 12. Qd2 Bb7 13. a4 b4 14. Na2 a5 15. c3
bxc3 16. Nxc3 Nb4 17. Nb5 O-O 18. Nxd6 Bc6 19. Bb5 Bb8 20. Bxc6 Nxc6 21. Nb5
Be5 22. Qe2 Qb6 23. Kh1 Rad8 24. f4 Bb8 25. Rf3 Kh8 26. Qe1 Rd7 27. Qh4 Qd8 28.
N3d4 f5 29. Qh6 Nxd4 30. Rh3 f6 31. Nxd4 fxe4 32. Rf1 Re8 33. Nc6 Rd1 34. Qxh7#
1-0

[Event "Cracovia 2010"]
[Site "Krakow"]
[Date "2010.12.29"]
[Round "3.41"]
[White "Sandor, Lukas"]
[Black "Kireev, Andrey"]
[Result "1/2-1/2"]
[WhiteElo "1881"]
[BlackElo "2127"]
[PlyCount "143"]
[EventDate "2010.??.??"]

1. e4 e5 2. Nf3 Nc6 3. Bc4 Be7 4. d4 d6 5. h3 Nf6 6. Nc3 O-O 7. Be3 a6 8. a4
exd4 9. Nxd4 Ne5 10. Be2 c5 11. Nb3 Be6 12. O-O Nc4 13. Bxc4 Bxc4 14. Re1 Re8
15. Nd2 Be6 16. Nf3 h6 17. e5 dxe5 18. Qxd8 Raxd8 19. Nxe5 Nd5 20. Nxd5 Rxd5
21. Nd3 g5 22. g4 Rc8 23. f3 Bf6 24. Rab1 Bd4 25. Bxd4 Rxd4 26. Re4 Rxe4 27.
fxe4 c4 28. Nf2 Rc5 29. Ra1 Ra5 30. Ra3 Kg7 31. Kg2 Bd7 32. b3 b5 33. Kf3 b4
34. Ra1 Rc5 35. Rd1 cxb3 36. cxb3 Be6 37. Rd3 a5 38. Ke3 Rc3 39. Rxc3 bxc3 40.
b4 axb4 41. Kd3 h5 42. a5 Bc8 43. Kc2 hxg4 44. Nxg4 Bb7 45. Kb3 Bxe4 46. a6 c2
47. Kb2 b3 48. Nf2 Bg2 49. a7 Kh6 50. Nd3 Bd5 51. Nc1 Kh5 52. Nxb3 Kh4 53. Kxc2
Kxh3 54. Nd4 Kg2 55. Kd2 Kf2 56. Ne2 Ba8 57. Nc3 g4 58. Nd1+ Kf3 59. Ke1 g3 60.
Kf1 f5 61. Nf2 f4 62. Nd3 Kg4 63. Ne1 Kh3 64. Kg1 f3 65. Nd3 Kg4 66. Kf1 Kf5
67. Ne1 Ke4 68. Nc2 Bb7 69. Nb4 f2 70. Nd3 Kf3 71. Ne5+ Ke3 72. Ng4+ 1/2-1/2

[Event "Cracovia 2010"]
[Site "Krakow"]
[Date "2010.12.29"]
[Round "3.42"]
[White "Janus, Przemyslaw"]
[Black "Janik, Andrzej"]
[Result "1/2-1/2"]
[WhiteElo "2126"]
[BlackElo "1918"]
[PlyCount "63"]
[EventDate "2010.??.??"]

1. d4 d5 2. c4 c6 3. Nf3 dxc4 4. Nc3 b5 5. a4 b4 6. Ne4 Nf6 7. Ned2 Ba6 8. e3
c3 9. bxc3 bxc3 10. Nc4 e6 11. Qb3 Be7 12. Be2 O-O 13. O-O Nbd7 14. Qxc3 c5 15.
Qd2 Qc7 16. Ba3 Nb6 17. Nb2 Bxe2 18. Qxe2 cxd4 19. Bxe7 Qxe7 20. Nxd4 a5 21.
Nd3 Rfc8 22. Ne5 Nfd5 23. Qb5 Rc5 24. Qb2 Nc4 25. Nxc4 Rxc4 26. Rfc1 Qc5 27.
Rxc4 Qxc4 28. Qb3 Rc8 29. Qxc4 Rxc4 30. Nb3 Nb6 31. Nxa5 Rxa4 32. Rxa4 1/2-1/2

[Event "Cracovia 2010"]
[Site "Krakow"]
[Date "2010.12.30"]
[Round "4.1"]
[White "Sieciechowicz, Marcin"]
[Black "Jakubiec, Artur"]
[Result "1-0"]
[WhiteElo "2446"]
[BlackElo "2547"]
[PlyCount "79"]
[EventDate "2010.??.??"]

1. d4 f5 2. Bf4 Nf6 3. e3 e6 4. Nf3 b6 5. Bd3 Bb7 6. Nbd2 Be7 7. h3 O-O 8. c3
Ne4 9. Qc2 Nxd2 10. Qxd2 d6 11. O-O-O c5 12. Bc2 c4 13. Rde1 Be4 14. Bxe4 fxe4
15. Nh2 b5 16. Qc2 d5 17. f3 b4 18. fxe4 Nd7 19. exd5 exd5 20. Nf3 Qa5 21. Kb1
Rf6 22. Ng5 g6 23. cxb4 Bxb4 24. Ref1 c3 25. Be5 Ra6 26. b3 Nxe5 27. dxe5 Be7
28. h4 Rb8 29. Nf3 Ba3 30. Nd4 Bb2 31. a4 Qc7 32. Rf6 Rxf6 33. exf6 Qd6 34. Qf2
Kf7 35. h5 Qe5 36. hxg6+ Kxg6 37. Rh4 Rf8 38. Qc2+ Kxf6 39. Qxh7 Qxe3 40. Qf5+
1-0

[Event "Cracovia 2010"]
[Site "Krakow"]
[Date "2010.12.30"]
[Round "4.2"]
[White "Dragun, Kamil"]
[Black "Starostits, Ilmars"]
[Result "0-1"]
[WhiteElo "2407"]
[BlackElo "2488"]
[PlyCount "64"]
[EventDate "2010.??.??"]

1. e4 c5 2. Nf3 d6 3. d4 cxd4 4. Nxd4 Nf6 5. Nc3 g6 6. Be3 Bg7 7. f3 Nc6 8. Qd2
h5 9. O-O-O Bd7 10. Bc4 Na5 11. Bb3 Nxb3+ 12. cxb3 a5 13. Ndb5 O-O 14. Kb1 Bxb5
15. Nxb5 a4 16. bxa4 Rxa4 17. e5 Ne8 18. exd6 Nxd6 19. Nxd6 exd6 20. Qxd6 Qa5
21. Rd5 b5 22. a3 Rc4 23. Rc1 Qa4 24. Rxc4 Qxc4 25. Rd1 Qb3 26. Bc1 Rc8 27. Qd2
b4 28. axb4 Kh7 29. Qe2 Ra8 30. Rd3 Qa2+ 31. Kc2 Rc8+ 32. Kd1 Qb1 0-1

[Event "Cracovia 2010"]
[Site "Krakow"]
[Date "2010.12.30"]
[Round "4.3"]
[White "Zubov, Alexander"]
[Black "Bobula, Mateusz"]
[Result "1-0"]
[WhiteElo "2547"]
[BlackElo "2393"]
[PlyCount "101"]
[EventDate "2010.??.??"]

1. d4 d5 2. c4 c6 3. Nf3 Nf6 4. Qb3 dxc4 5. Qxc4 Bf5 6. g3 e6 7. Bg2 Nbd7 8.
O-O Be7 9. Nc3 O-O 10. Qb3 Qb6 11. Nd2 e5 12. d5 cxd5 13. Nxd5 Nxd5 14. Qxd5
Rab8 15. Nb3 Be6 16. Qa5 Bb4 17. Qxb6 Nxb6 18. Be3 Bc4 19. Bc5 Bxc5 20. Nxc5
Rfd8 21. Nxb7 Rd2 22. b3 Bxe2 23. Rfc1 f5 24. Na5 e4 25. Nc6 Rb7 26. Rc5 Rbd7
27. h3 g6 28. a4 Rd1+ 29. Rxd1 Rxd1+ 30. Kh2 a6 31. g4 Nd7 32. Ra5 Rd6 33. Ne7+
Kf7 34. Nd5 fxg4 35. Nc3 gxh3 36. Nxe4 Rb6 37. Bxh3 Nf6 38. Nc5 Ne8 39. Nd7 Rb4
40. Re5 Bd1 41. Be6+ Kg7 42. Nc5 Nc7 43. Bc4 Kh6 44. Re7 Na8 45. Nxa6 Rb6 46.
Ra7 Bf3 47. a5 Rf6 48. Nc5 Rf5 49. Ne6 Bc6 50. f4 Rf6 51. Kg3 1-0

[Event "Cracovia 2010"]
[Site "Krakow"]
[Date "2010.12.30"]
[Round "4.4"]
[White "Brodowski, Piotr"]
[Black "Bulski, Krzysztof"]
[Result "1-0"]
[WhiteElo "2417"]
[BlackElo "2470"]
[PlyCount "115"]
[EventDate "2010.??.??"]

1. d4 Nf6 2. Bg5 e6 3. e4 h6 4. Bxf6 Qxf6 5. Nc3 g6 6. Nf3 Bg7 7. Bd3 d6 8. Qe2
Nc6 9. Bb5 O-O 10. Bxc6 bxc6 11. Qe3 a5 12. O-O-O a4 13. a3 Ra5 14. h4 c5 15.
dxc5 Rxc5 16. g4 Qe7 17. Nxa4 Rc4 18. Nc3 Ba6 19. Nd4 Rb8 20. Rh3 Qe8 21. b3
Rxc3 22. Qxc3 c5 23. Qa5 Ra8 24. Nf3 Be2 25. Qc7 Rxa3 26. Rxd6 Ra8 27. Qxc5 Bf8
28. e5 Ra6 29. Nd4 Bxg4 30. Rc3 Ra1+ 31. Kb2 Qa8 32. Rc4 Qh1 33. Ra4 Rb1+ 34.
Kc3 Qe1+ 35. Kc4 Be2+ 36. Nxe2 Qxe2+ 37. Kb4 Rd1 38. Ra7 Qe4+ 39. c4 Rb1 40.
Qe3 Qc6 41. c5 Bxd6 42. exd6 Qd5 43. Rc7 Rd1 44. Qxh6 Rd4+ 45. Ka3 Qa8+ 46. Kb2
Rd1 47. Kc2 Ra1 48. Qf4 Qa2+ 49. Kc3 Qa5+ 50. Kc2 Qa2+ 51. Kc3 Qa5+ 52. Kd3
Qb5+ 53. Qc4 Qa5 54. Rc8+ Kh7 55. Rh8+ Kxh8 56. Qc3+ Qxc3+ 57. Kxc3 Kg7 58. d7
1-0

[Event "Cracovia 2010"]
[Site "Krakow"]
[Date "2010.12.30"]
[Round "4.5"]
[White "Sharapov, Evgeny"]
[Black "Krzyzanowski, Marcin"]
[Result "1-0"]
[WhiteElo "2468"]
[BlackElo "2342"]
[PlyCount "79"]
[EventDate "2010.??.??"]

1. e4 c5 2. Nf3 d6 3. d4 cxd4 4. Nxd4 Nf6 5. Nc3 a6 6. g3 e5 7. Nb3 Be7 8. Bg2
b5 9. a4 b4 10. Nd5 Nxd5 11. Qxd5 Ra7 12. Be3 Be6 13. Qd3 Rb7 14. O-O Qc7 15.
Nd2 a5 16. f4 f6 17. Rf2 Nd7 18. Bf1 O-O 19. Nb3 Ra8 20. f5 Bf7 21. g4 Qc6 22.
h4 d5 23. exd5 Bxd5 24. Rd1 Be4 25. Qc4+ Kf8 26. Rfd2 Bf3 27. Rxd7 Rxd7 28.
Rxd7 Qxd7 29. Nc5 Qc6 30. Ne6+ Kg8 31. Nd4+ Qxc4 32. Bxc4+ Kf8 33. Nxf3 Rc8 34.
b3 Bc5 35. Kf2 Ke7 36. Bxc5+ Rxc5 37. Ke3 Rc7 38. Nd2 Rd7 39. Bd3 Rd4 40. Be4
1-0

[Event "Cracovia 2010"]
[Site "Krakow"]
[Date "2010.12.30"]
[Round "4.7"]
[White "Tazbir, Marcin"]
[Black "Vaicekauskas, Gytis"]
[Result "1-0"]
[WhiteElo "2527"]
[BlackElo "1972"]
[PlyCount "89"]
[EventDate "2010.??.??"]

1. c4 c5 2. Nf3 Nf6 3. g3 b6 4. Bg2 Bb7 5. O-O e6 6. d3 Be7 7. e4 O-O 8. Nc3 d6
9. Re1 Nbd7 10. d4 cxd4 11. Nxd4 Qb8 12. b3 a6 13. Qe2 Re8 14. Bd2 Bf8 15. Rad1
Qc7 16. h3 g6 17. Rc1 Rac8 18. Nc2 Bg7 19. Ne3 Ne5 20. f4 Nc6 21. Qf1 Qb8 22.
Na4 Qa7 23. Kh2 Nd4 24. Nc3 Qa8 25. Ned1 Nd7 26. Nf2 Bc6 27. Be3 b5 28. Red1 e5
29. cxb5 Nxb5 30. Ne2 Bf8 31. a4 Nc7 32. Nc3 Qb7 33. Rb1 a5 34. Nd5 Ne6 35.
fxe5 dxe5 36. Ng4 Bg7 37. Qf2 Rf8 38. Ne7+ Kh8 39. Nxc8 Qxc8 40. Rbc1 Qb7 41.
Rd6 Nb8 42. Bh6 f5 43. exf5 Rxf5 44. Bxg7+ Kxg7 45. Qd2 1-0

[Event "Cracovia 2010"]
[Site "Krakow"]
[Date "2010.12.30"]
[Round "4.8"]
[White "Voiteanu, Gabriel"]
[Black "Miron, Lucian-Costin"]
[Result "0-1"]
[WhiteElo "2262"]
[BlackElo "2496"]
[PlyCount "124"]
[EventDate "2010.??.??"]

1. e4 e5 2. Nf3 Nc6 3. Bc4 Bc5 4. c3 Nf6 5. d4 exd4 6. cxd4 Bb4+ 7. Nc3 Nxe4 8.
O-O Bxc3 9. bxc3 d5 10. Bd3 O-O 11. Bxe4 dxe4 12. Ng5 Bf5 13. Re1 Re8 14. d5
Ne7 15. c4 h6 16. Nxe4 Nxd5 17. Ng3 Ne7 18. Qf3 Nc6 19. Rxe8+ Qxe8 20. Bxh6 Qe5
21. Rf1 Bg6 22. Bf4 Qb2 23. h4 Qxa2 24. h5 Bh7 25. h6 Qxc4 26. Nh5 Qe4 27. Qg3
Bg6 28. Rd1 Nd4 29. Kh1 Qe2 30. Nf6+ gxf6 31. Rxd4 Re8 32. Be3 c5 33. Rg4 Kh7
34. Qf4 Re6 35. Bxc5 b6 36. Bd4 Qe4 37. Qg3 Qf5 38. Be3 Re5 39. Ra4 Qc2 40. Rh4
Qd1+ 41. Kh2 Qd5 42. Qf4 Qd6 43. Qg3 Rd5 44. Bf4 Qd8 45. Qc3 a5 46. Be3 b5 47.
Rd4 b4 48. Rxd5 Qb8+ 49. Bf4 Qxf4+ 50. Qg3 Qxg3+ 51. Kxg3 b3 52. Rb5 a4 53. Kf3
Bc2 54. Ke3 a3 55. Kd2 a2 56. Ra5 b2 57. Rxa2 b1=Q 58. Rxc2 Qf1 59. Ke3 Qxg2
60. Rc4 Qg5+ 61. Ke2 Qb5 62. Kd3 Qd5+ 0-1

[Event "Cracovia 2010"]
[Site "Krakow"]
[Date "2010.12.30"]
[Round "4.9"]
[White "Gavrilov, Alexei"]
[Black "Klim, Kamil"]
[Result "1/2-1/2"]
[WhiteElo "2488"]
[BlackElo "2302"]
[PlyCount "96"]
[EventDate "2010.??.??"]

1. d4 Nf6 2. Nf3 g6 3. c4 c5 4. Nc3 Bg7 5. e4 cxd4 6. Nxd4 O-O 7. Be2 Nc6 8.
Be3 d6 9. O-O Bd7 10. Qd2 Nxd4 11. Bxd4 Bc6 12. Bd3 Nd7 13. Bxg7 Kxg7 14. f4 a5
15. Rae1 Qb6+ 16. Kh1 Nc5 17. Bb1 Qb4 18. Qe2 e5 19. a3 Qb6 20. f5 f6 21. Rd1
Rad8 22. Rf3 Nb3 23. Rg3 Nd4 24. Qd2 Qc5 25. Bd3 a4 26. h4 Rg8 27. Rf1 Nb3 28.
Qe2 Kf7 29. fxg6+ Rxg6 30. Rxg6 hxg6 31. Qf3 f5 32. Qg4 f4 33. Nd5 Nd2 34. Qg5
Bxd5 35. exd5 Rg8 36. h5 Nxf1 37. Bxg6+ Rxg6 38. Qxg6+ Ke7 39. h6 Ng3+ 40. Kh2
Ne2 41. Qg5+ Kf7 42. Qh5+ Kf6 43. Qxe2 Kg6 44. Kh3 Qc8+ 45. Kh2 Kxh6 46. Qc2
Qg4 47. c5 Qg3+ 48. Kh1 Qe1+ 1/2-1/2

[Event "Cracovia 2010"]
[Site "Krakow"]
[Date "2010.12.30"]
[Round "4.10"]
[White "Barski, Radoslaw"]
[Black "Shishkin, Vadim"]
[Result "0-1"]
[WhiteElo "2278"]
[BlackElo "2458"]
[PlyCount "88"]
[EventDate "2010.??.??"]

1. e4 c5 2. Nf3 Nc6 3. d4 cxd4 4. Nxd4 Nf6 5. Nc3 d6 6. Bg5 Qb6 7. Nb3 e6 8.
Bxf6 gxf6 9. Qh5 Bd7 10. Bd3 Rg8 11. O-O Rg7 12. a4 a6 13. a5 Qc7 14. f4 O-O-O
15. Na4 Kb8 16. c3 Be8 17. Kh1 d5 18. Nac5 Na7 19. Qh6 dxe4 20. Bxe4 f5 21.
Bxb7 Bxc5 22. Qxg7 Kxb7 23. Nxc5+ Qxc5 24. b4 Qc7 25. Rad1 Qxf4 26. Qf8 Qc7 27.
Rxd8 Qxd8 28. c4 Nc8 29. b5 Qe7 30. Qh8 axb5 31. cxb5 Bxb5 32. Rb1 Qd7 33. Qe5
Na7 34. Rc1 Bc6 35. Qc5 Ka8 36. a6 Qd8 37. h3 h5 38. Qb4 Qc7 39. Rb1 Nc8 40.
Qd2 f4 41. Rc1 f3 42. Qc3 fxg2+ 43. Kg1 Qb6+ 44. Kh2 g1=Q+ 0-1

[Event "Cracovia 2010"]
[Site "Krakow"]
[Date "2010.12.30"]
[Round "4.11"]
[White "Mazur, Stefan"]
[Black "Cruz Alvarez De Ron, Dan"]
[Result "1/2-1/2"]
[WhiteElo "2389"]
[BlackElo "2273"]
[PlyCount "153"]
[EventDate "2010.??.??"]

1. e4 e6 2. d4 d5 3. Nc3 Be7 4. exd5 exd5 5. Bd3 Nf6 6. Nge2 c6 7. O-O O-O 8.
Ng3 Re8 9. Re1 g6 10. Bg5 Nbd7 11. Qf3 Kg7 12. Qf4 Nf8 13. Qh4 Ne6 14. Qh6+ Kg8
15. Bh4 Ng4 16. Bxe7 Qxe7 17. Qd2 Qh4 18. h3 Nf6 19. Nce2 Nxd4 20. Nxd4 Qxd4
21. c3 Qh4 22. Rxe8+ Nxe8 23. Qe3 Bd7 24. a4 Ng7 25. a5 Ne6 26. Ne2 Qf6 27. Nd4
Nxd4 28. Qxd4 Qxd4 29. cxd4 Kf8 30. Ra3 Re8 31. Kf1 Ke7 32. b4 Kd6 33. Ra1 Re7
34. Ra3 Kc7 35. Ra1 Re8 36. Ra3 Kd6 37. Ra1 Rb8 38. Ke2 Re8+ 39. Kd2 Re6 40.
Ra3 Rf6 41. Ke3 Bf5 42. Bxf5 Rxf5 43. Rb3 Rf6 44. Rb1 Re6+ 45. Kd3 Kc7 46. f3
Re8 47. Kd2 b6 48. a6 Kd6 49. Rb3 Re7 50. Rb1 c5 51. bxc5+ bxc5 52. dxc5+ Kxc5
53. Rb7 Kd6 54. Rb8 Rc7 55. Kd3 Rc6 56. Rb7 Rc7 57. Rb8 h5 58. h4 Rc6 59. Rb7
Rxa6 60. Rxf7 Ke6 61. Rg7 Kf6 62. Rd7 Ke5 63. g4 hxg4 64. fxg4 Ra3+ 65. Ke2 Ke4
66. Rd6 Ra2+ 67. Ke1 Rh2 68. Rxg6 Rxh4 69. Ra6 Rh7 70. g5 d4 71. g6 Rb7 72. Kd2
Rb2+ 73. Kc1 Rg2 74. Rxa7 Rxg6 75. Ra3 Rg2 76. Kd1 d3 77. Ra8 1/2-1/2

[Event "Cracovia 2010"]
[Site "Krakow"]
[Date "2010.12.30"]
[Round "4.12"]
[White "Aliavdin, Nikolai"]
[Black "Gonzalez Diaz, Julio"]
[Result "1-0"]
[WhiteElo "2377"]
[BlackElo "2259"]
[PlyCount "95"]
[EventDate "2010.??.??"]

1. e4 d6 2. d4 Nf6 3. Nc3 g6 4. Be3 c6 5. Qd2 b5 6. Bd3 Nbd7 7. Nf3 a6 8. h3 e5
9. dxe5 dxe5 10. a4 Bb7 11. O-O Bg7 12. Ne2 O-O 13. Ng3 Qe7 14. c4 b4 15. c5 a5
16. Qc2 Ne8 17. Rfd1 Nc7 18. Bc4 Ne6 19. Bxe6 Qxe6 20. Rd6 Qe7 21. Rad1 Nb8 22.
Nd2 Ba6 23. Nc4 Bxc4 24. Qxc4 Ra7 25. Qd3 Rc7 26. Nf1 f5 27. f3 fxe4 28. Qxe4
Nd7 29. Rxc6 Rxc6 30. Qxc6 Nf6 31. Rd6 e4 32. f4 Nh5 33. Qd5+ Kh8 34. Re6 Qh4
35. Qxe4 Bxb2 36. Re8 Kg7 37. Rxf8 Kxf8 38. Qa8+ Kf7 39. Qxa5 Bc3 40. c6 Qe7
41. c7 Qd7 42. Qc5 Qc8 43. Qd5+ Ke8 44. Qc6+ Kf7 45. a5 Nf6 46. a6 Ne8 47. a7
Nxc7 48. Bb6 1-0